01450nam a2200265 i 4500003000900000005001700009007000300026008004100029040003000070041000800100082001900108110009300127245017100220264008600391300005700477336002700534337003400561338002800595505032500623590002800948700004300976942001401019952013401033999001701167DO-SdBNP20251021104512.0ta251021b2005 dr ||||| |||| 00| 0 spa d aDO-SdBNPbspacBNPHUerda aspa 4axxxbR426s2221 aRepública Dominicana.bSuperintendencia de Valores de la República Dominicana98871810aManual para elaborar prospectos de emisión y colocación de títulos de deuda de oferta públicacdirección técnica, autor, Luis Torres E. ; elaboración,  aSanto Domingo :bSuperintendencia de Valores de la República Dominicana,c2005. a70 páginas : bilustraciones, gráficos ;c26 cm. atextobtxt2rdacontent asin mediación bn2rdamedia avolumenbnc2rdacarrier aPresentación, 1 -- Introducción, 3 -- Estructura de un prospecto de colocación, 7 -- Contenido, 7 -- Índice, 9-- Responsables del contenido del prospecto de colocación y organismos supervisores, 9 -- Sobre los valores y características de la emisión, 12 -- Información sobre el emisor, 33 -- Anexos, 67 aInventariado, 2025 /LP 1 aTorres E., Luis4directoredir.988719 2ddccLBS1 00102ddc51708PDaBNPHUbBNPHUcHDd2023-09-26eDonado por Bienvenido Brito l0oxxxp2025-11983r2025-10-21w2025-10-21yLBS1 c59982d59982